000 00671nam a22001937a 4500
005 20251108172015.0
008 250721s1991 xx 000 0 ara d
082 1 4 _a362.85/محم
100 1 _aغباري، محمد سلامه
245 1 0 _aالمدخل إلى علاج المشكلات العمالية من منظور الخدمة الإجتماعية /
264 1 _aالإسكندرية :
_bالمكتب الجامعي الحديث،
_c1991.
300 _a335ص
650 1 7 _aالخدمات الإجتماعية
650 1 7 _aالعمل
650 1 7 _aالعمال
700 1 _aعلي، أميره منصور يوسف
942 _2ddc
_cBK
999 _c68120
_d68120